00310nam a2200121Ia 4500008004100000041000800041082001200049100002700061245004500088260002500133300002300158365000700181240624s9999 xx 000 0 und d aeng a823 ALE aBY ALEXIEVICH SVETLANA aCHERNOBYL PRAYER A CHRONICLE OF THE FUTU c2013aIndiabPenguin a293 : p. : cm ; 22 cRS